Obchodné podnikanie prípadové štúdie

Bibliographic Details
Main Author: Strážovská, Helena, 1934- (Author)
Format: Book
Language:Slovak
PhysicalDescription:261 s. sch., tab. 29 cm
Published: Bratislava Ekonóm 2001
ISBN:8022513865
Subjects:

MARC

LEADER 00000nam a2200000 a 4500
001 vtls001419866
003 SK-MaSNL
005 20260301120608.0
008 240315s2001 xo ap r yy 0 slo
015 |a SNBA2001/12-03952 
020 |a 8022513865  |c 157,00 Sk 
035 |a SNK000374694 
035 |a urn:nbn:sk:snk-amyh9r 
035 |a urn:nbn:sk:snk-am00ckf9 
035 |a FD7995DB-621D-47A3-935B-37628AC9500C 
040 |a SNK  |b slo  |c SNK  |e AACR2 
041 0 |a slo 
044 |a xo  |c SK 
080 |a 658.1(075.8)  |2 1981 
100 1 |a Strážovská, Helena,  |d 1934-  |4 aut  |9 199836 
245 1 |a Obchodné podnikanie  |b prípadové štúdie  |c Elena Strážovská a kolektív 
260 |a Bratislava  |b Ekonóm  |c 2001 
300 |a 261 s.  |b sch., tab.  |c 29 cm 
500 |a 300 výt. 
504 |a Bibliogr. s. 261 
650 0 7 |a obchodné podnikanie  |2 SNKPH  |9 79124 
655 7 |a učebnice vysokých škôl  |2 SNKPH  |9 70191 
919 |a 80-225-1386-5 
958 |a TL 
958 |a NB 
958 |a UV 
999 |c 726432  |d 728362 
952 |t P60, <03>, [BOOK], {603}  |a SNK  |b SNK  |y PREZ  |7 0  |p 17A0314865  |o snkSB 63919  |i snkKSP 10688/2001  |0 0  |1 0  |4 0  |d 2001-09-13  |f 1  |l 0  |r 2025-04-17 00:00:00  |w 2026-02-23 
952 |t P60, <04>, [BOOK], {604}  |a SNK  |b SNK  |y VYP  |7 0  |p 17A0314866  |o snkSB 63919 D1  |i snkKSP 10689/2001  |0 0  |1 0  |4 0  |d 2001-09-13  |l 0  |r 2005-01-02 00:00:00  |w 2026-02-23